000 00297nam a22001337a 4500
008 260324b ||||| |||| 00| 0 eng d
020 _a9789951053501
041 _aShqip
080 _a821.112
100 _a25
101 _aTregime
245 _aReëfenja
_cVëllezërit Grim
942 _2udc
_cBK
999 _c60926
_d60926